Se autoriza a la Diputación de Barcelona para transigir en un litigio sobre terrenos de la avenida del Generalísimo
Colección:
San Jorge,
; núm. 8 (octubre 1952), pàg 57-58
Materias:
Barcelona (Catalunya : Província). -- Diputació -- Processos, litigis, etc
; Sòl, Ús del -- Barcelona (Catalunya)
; Avinguda Diagonal (Barcelona, Catalunya)
Idioma:
Español
MARC
| LEADER | 00000naa a2200000 a 4500 | ||
|---|---|---|---|
| 003 | Arxiu | ||
| 005 | 20260324181028.0 | ||
| 008 | 160829s1952 spc xx s spa c | ||
| 040 | |a agdb | ||
| 245 | 0 | 0 | |a Se autoriza a la Diputación de Barcelona para transigir en un litigio sobre terrenos de la avenida del Generalísimo |
| 490 | |a San Jorge, |v núm. 8 (octubre 1952), pàg 57-58 | ||
| 610 | 0 | |9 54715 |a Barcelona (Catalunya : Província). |b Diputació |x Processos, litigis, etc | |
| 650 | 0 | |a Sòl, Ús del |9 54716 |z Barcelona (Catalunya) | |
| 651 | 0 | |a Avinguda Diagonal (Barcelona, Catalunya) |9 54326 | |
| 773 | |g Núm. 8 (octubre 1952), pàg 57-58 |t San Jorge. | ||
| 901 | |a Arxiu | ||
| 942 | |n 1 |2 udc |c ART | ||
| 952 | |0 0 |1 0 |4 0 |7 1 |9 64293 |a Arxiu |b Arxiu |d 2022-11-22 |o Rev-508 |r 2022-11-22 00:00:00 |w 2022-11-22 |y ARXIU |z També disponible a Rev-521 | ||
| 999 | |c 44873 |d 44873 | ||